000 00683nam a22002297a 4500
005 20170124110057.0
010 _aA-779763
020 _c48.00
_a812371484
035 _aA-779763
037 _bCen Lib/Ret
040 _aDPL
_bEN
082 _a954.57
_bPRA
100 _aPrakash Singh
_988466
245 _aNagaland /
_cby Prakash Singh
260 _aNew Delhi
_bNational Book Trust
_c1972
270 _aA-5 Green Park
_bNew Delhi
_e110016
300 _aix,210p. :
_c21cm(Hb)
_bill.
500 _aIncludes bibliographical references and index
650 _aIndia -- Nāgāland
_988467
650 _aNāgāland (India)
_988468
942 _2ddc
_cEN
_h954.57
_mPRA
999 _c129521
_d129521